000
00244nam a2200109Ia 4500
005
20251222141936.0
008
251222s9999||||xx |||||||||||||| ||spa||
082
_a
860/S17D
100
_a
"Salvador, Gregorio"
245
0
_a
DequeÃsmo
942
_c
LIB
999
_c
9202
_d
9202